| 000 | 00770nam a2200253 a 4500 | ||
|---|---|---|---|
| 999 |
_c4737 _d4737 |
||
| 001 | 2773553 | ||
| 003 | GBCCL | ||
| 005 | 20241126110525.0 | ||
| 008 | 850328s1981 tnu b 000 0 eng | ||
| 010 | _a 80068467 | ||
| 020 | _a0805451811 | ||
| 040 |
_aDLC _cDLC _dDLC |
||
| 050 | 1 | 0 |
_aBT202 _b.C35 1981 |
| 082 | 0 | 0 |
_a232.95 _219 _bCAR |
| 100 | 1 |
_aCarter, James E., _d1935- _9137 |
|
| 245 | 1 | 0 |
_aChrist and the crowds / _cJames E. Carter. |
| 260 |
_aNashville, Tenn. : _bBroadman Press, _cc1981. |
||
| 300 |
_a127 p. ; _c20 cm. |
||
| 504 | _aIncludes bibliographical references. | ||
| 600 | 0 | 0 |
_aJesus Christ _xPerson and offices. _9268 |
| 600 | 0 | 0 |
_aJesus Christ _xFriends and associates. _98655 |
| 906 |
_a7 _bcbc _corignew _d4 _eopcn _f19 _gy-gencatlg |
||
| 942 |
_2ddc _cBK |
||